Quiz Zamdane - Statistiques

Statistiques générales
  • Ce quiz a été pris 133 fois
  • Le résultat moyen est 25 sur 64
Statistiques - réponses
Hint Réponse % Correct
Prenom de zamdane Ayoub
68%
Ville de coeur Marseille
68%
Feat J9ueve (2021) Sans toi
68%
Track 4 (Feat Dinos) Boyka
67%
Track 18 Vide quand t'es pas la
67%
Track 2 Le monde par ma fenetre
66%
Track 16 Fleurs
64%
Serie de Frestyle Affamé
62%
Track 4 Million
62%
Track 6 (Feat Josman) Allouette
61%
Track 20 Monstres
60%
Track 1 Mouchkila
59%
Track 3 (Feat Pomme) Le grand cirque
57%
Track 8 (Feat jazzy bazz) Fauves
56%
Track 18 (feat TIF) Noum
56%
Track 5 1234
52%
Track 7 (Feat so la lune) Boboalam
51%
Track 2 A ma guise
50%
Track 14 Lalalala
50%
Nationalité Marocaine
49%
Track 9 ( Feat Kekra) Youm wara youm
49%
Track 19 Etoiles dans les yeux
47%
Track 3 incomplet comme fevrier
46%
Track 5 Printemps
46%
Feat Dinos (2024) Insecure
44%
Track 12 (Feat Niska) Loin d'ici
44%
Ville d'origine Marrakech
44%
Track 11 Stylo magique
44%
Mixtape de RAPLUME Soleil de ma vie
43%
Track 10 infini
42%
Track 17 ( Feat Zaho) Si on s'aimait
42%
Track 16 Flouka
41%
Track 12 (Feat Soso maness) Bonne année
40%
Track 13 C18
40%
Dernier son solo Chanel
38%
Track 8 un peu de moi
38%
Feat Rim'k (2023) Cicatrice
37%
Track 17 Libre comme une colombe
36%
Artiste l'ayant invité sur planete rap Soso maness
34%
Track 7 Naif
33%
Feat Caba et jeanjass Pieces manquantes
33%
Track 6 Stradivarius
33%
Track 14 Zhar
33%
Feat Stony stone (2024) Vingt ans
32%
Track 9 Meme à distance on est proche
31%
Track 11 Foust l'bando
30%
Track 10 Lettre à mon dieu
30%
Track 15 Groupie love
29%
Feat Mademoiselle lou (2024) Diner
28%
Feat Guy2bezbar (2024) Pilotes
28%
Mixtape "Let's go" Ballad
24%
Feat Hatik La fete
23%
Mixtape "Que de l'amour" Un Jour
22%
Track 1 Tout ce qu'il voulais
21%
Feat L'as Paradoxe
19%
Feat Soprano Superman n'existe pas
18%
Label Affamé records
16%
Premier son Sinbad
16%
Mixtape de Shargy Paysagiste
12%
Mixtape "Drip music 2" P. Diddy
11%
Track 13 (Feat Sofiane pamart) Melencolie criminelle
10%
Track 15 Audit gt
4%
Feat Malo (2023) Météroite
2%
Feat Norsacce Berlusconi Saraha
1%
Aucun quiz correspondant
Distribution des résultats
% des personnes avec chaque résultat
Percentile par nombre de réponses
Votre historique - résultats
Vous n’avez pas pris ce quiz